Tajomstvo farby, modelu a vkusu Reklama dokáže viac ako iba predávať

Talianska firma Benetton - typický príklad sieťového obchodu. Obchodná sieť firmy, jej dodávatelia. Vedenie firmy. Štyri problémy výroby. Tri stupne organizácie predaja, sieť obchodných zástupcov. Filozofia a provokujúca reklama firmy.

Na minha lista:
Detalhes bibliográficos
Autor principal: Juza, Peter
Formato: Capítulo de Livro
Idioma:eslovaco
Assuntos:
Tags: Adicionar Tag
Sem tags, seja o primeiro a adicionar uma tag!

MARC

LEADER 00000naa a2200000 4500
001 r001032
005 20221213114013.5
041 0 |a slo 
044 |a SK 
245 1 0 |a Tajomstvo farby, modelu a vkusu  |b Reklama dokáže viac ako iba predávať  |c Peter Juza 
520 |a Talianska firma Benetton - typický príklad sieťového obchodu. Obchodná sieť firmy, jej dodávatelia. Vedenie firmy. Štyri problémy výroby. Tri stupne organizácie predaja, sieť obchodných zástupcov. Filozofia a provokujúca reklama firmy. 
610 2 0 |a Benetton 
610 2 0 |a reklama 
610 2 0 |a firmy 
610 2 0 |a výrobky textilné 
610 2 0 |a predaj 
610 2 0 |a siete obchodné 
100 1 |a Juza, Peter